Poetry and drama 1570-1700 (Record no. 837714)

MARC details
000 -LEADER
fixed length control field 00644nam a2200229Ia 4500
003 - CONTROL NUMBER IDENTIFIER
control field OSt
005 - DATE AND TIME OF LATEST TRANSACTION
control field 20220928145916.0
008 - FIXED-LENGTH DATA ELEMENTS--GENERAL INFORMATION
fixed length control field 220927b |||||||| |||| 00| 0 eng d
037 ## - SOURCE OF ACQUISITION
Terms of availability Textual
040 ## - CATALOGING SOURCE
Original cataloging agency SDCL
Transcribing agency SDCL
Language of cataloging eng
041 ## - LANGUAGE CODE
Source of code eng
Language code of text/sound track or separate title eng
100 ## - MAIN ENTRY--PERSONAL NAME
Personal name Coleman Antony Ed.
9 (RLIN) 514650
245 #0 - TITLE STATEMENT
Title Poetry and drama 1570-1700
Remainder of title Essays in honour of Harold F. Brooks
260 ## - PUBLICATION, DISTRIBUTION, ETC.
Date of publication, distribution, etc. 1981
700 ## - ADDED ENTRY--PERSONAL NAME
Personal name Hammond Antony Ed.
9 (RLIN) 493592
942 ## - ADDED ENTRY ELEMENTS (KOHA)
Classification part O-jN07, M1
Koha item type Textual
Source of classification or shelving scheme Colon Classification (CC)
Holdings
Withdrawn status Lost status Damaged status Not for loan Home library Current library Date acquired Total Checkouts Full call number Barcode Date last seen Price effective from Koha item type
        South Campus Library South Campus Library 2022-09-28   O-jN07 M1 SC0728895 2022-09-28 2022-09-28 Textual
Copyright @ Delhi University Library System